| 000 | 00736cam a22002411 4500 | ||
|---|---|---|---|
| 001 | sa 68004871 | ||
| 003 | DLC | ||
| 005 | 20260227112504.0 | ||
| 008 | 711216s1967 pk h bc 00000 eng | ||
| 010 | _asa 68004871 //r90 | ||
| 025 | _aPL480:P-E-1401 | ||
| 040 |
_aDLC _cDLC _dDLC |
||
| 043 |
_aa-ii--- _ae-fr--- |
||
| 050 | 0 | 0 |
_aZ6605.I5 _bH8 |
| 082 | 0 | 0 | _a016.091 |
| 100 | 1 | 0 | _aHusain, Agha Iftikhar. |
| 245 | 1 | 2 |
_aA catalogue of manuscripts in Paris; Urdu, Punjabi and Sindhi. _cForeword by Mumtaz Hasan. |
| 260 | 0 |
_aKarachi, _bUrdu Development Board _c[1967] |
|
| 300 |
_aii, vi, 35, 30 p. _bfacsim. _c25 cm. |
||
| 350 | _aRs5 | ||
| 504 | _aBibliographical footnotes. | ||
| 650 | 0 |
_aManuscripts, Indic _zFrance _zParis _xCatalogs. |
|
| 999 |
_c80409 _d80409 |
||